বুদ্ধজীবির সংস্কৃতি। (Record no. 4319)
[ view plain ]
| 000 -LEADER | |
|---|---|
| fixed length control field | 00472nam a2200145Ia 4500 |
| 008 - FIXED-LENGTH DATA ELEMENTS--GENERAL INFORMATION | |
| fixed length control field | 151213s9999 xx 000 0 und d |
| 100 ## - MAIN ENTRY--PERSONAL NAME | |
| Personal name | আহমদ রফিক। |
| 245 ## - TITLE STATEMENT | |
| Title | বুদ্ধজীবির সংস্কৃতি। |
| Statement of responsibility, etc. | আহমদ রফিক। |
| 260 ## - PUBLICATION, DISTRIBUTION, ETC. (IMPRINT) | |
| Place of publication, distribution, etc. | ঢাকা |
| Name of publisher, distributor, etc. | মুক্ত ধারা। |
| Date of publication, distribution, etc. | 1986 |
| 300 ## - PHYSICAL DESCRIPTION | |
| Extent | 8482 p. |
| 650 ## - SUBJECT ADDED ENTRY--TOPICAL TERM | |
| Topical term or geographic name as entry element | Bangla |
| 650 ## - SUBJECT ADDED ENTRY--TOPICAL TERM | |
| Topical term or geographic name as entry element | Bengali Literature |
| 700 ## - ADDED ENTRY--PERSONAL NAME | |
| Personal name | আহমদ রফিক। |
No items available.
